| 000 | 00924nam a2200205 i 4500 | ||
|---|---|---|---|
| 001 | 165434 | ||
| 003 | ES-MaACL | ||
| 005 | 20250824005524.0 | ||
| 008 | 000103s1897 sp |||| | spa d | ||
| 040 |
_aCCPB | B _bspa _cCCPB | B |
||
| 100 | 1 |
_aSirvent y Berganza, Juan. _9132772 |
|
| 245 | 1 | 3 |
_aLa música de la Academia de Artillería en Francia _b: 15 de agosto de 1897 / _cpor Juan Sirvent y Berganza. |
| 260 |
_aMadrid : _b[s.n.], _c1897 ( _fImprenta del Cuerpo de Artillería) |
||
| 300 |
_a43 p. ; _c24 cm. |
||
| 490 | 1 | _aPublicaciones del "Memorial de Artillería" | |
| 650 | 4 |
_aMúsica militar- _zFrancia _915410 |
|
| 830 | 0 |
_aPublicaciones del "Memorial de Artillería" _9181853 |
|
| 852 |
_aES-MaACL _jT-849-F-8 _z-- Enc. hol. conservando la cub. original _z-- Dedic. ms. de Adolfo Carrasco a la Biblioteca del Ateneo Científico y Literario _z-- Enc. en un vol. facticio |
||
| 999 |
_c165434 _d165434 |
||